| 000 | 00926cab a2200205 4500 | ||
|---|---|---|---|
| 001 | ##L134306 | ||
| 008 | 060725n2006 000 0 eng u | ||
| 035 | _a(Sirsi) u134306 | ||
| 041 | 0 | _aeng | |
| 100 | 1 | _aJenkins, Samantha | |
| 245 | 0 | 0 | _aEG healthcare |
| 260 | _c2006 | ||
| 490 | 0 |
_aEstates Gazette _v(0629) 22 July 2006, 95-105(8) |
|
| 520 | _aLooks at the growth of the retirement village market, which has doubled every five years for the past 15, with some developments including on-site care homes; the nursery sector, which has risen five-fold in a decade, and what the companies in this sector look for from their property; and the boost to investment in the entire healthcare sector driven by the ageing babyboomer generation. | ||
| 590 | _aIKA010806 | ||
| 690 | _aPROPERTY-OTHER PROPERTY TYPES-HEALTHCARE AND WELFARE PROPERTY | ||
| 700 | 1 | _aKivlehan, Noella Pio | |
| 700 | 1 | _aWehner, Piers | |
| 942 | _n0 | ||
| 999 |
_c77442 _d77442 |
||